000 00578nam a22002057a 4500
003 OSt
005 20140310182339.0
008 130312t xxu||||| |||| 00| 0 eng d
020 _a0866253688
050 _aHE 6375.P65
_b.L35 1990
082 _aGS 383.143
_bL148 1990
100 _aLake,A.I.
_921694
245 _aPony express /
_cA.I. Lake
260 _aVero Beach, FL :
_bRourke Publications,
_c1990.
300 _bcol. ill. ;
_c28 cm.
650 _aPony express
_xHistory
_xJuvenile literature.
_921695
650 _aSeries
_913189
942 _2lcc
_cBK-GS
999 _c12115
_d12115